书目信息 |
| 题名: |
新编土力学教程
|
|
| 作者: | 郭莹 , 邵龙潭 主编 | |
| 分册: | ||
| 出版信息: | 北京 冶金工业出版社 2013 |
|
| 页数: | 212页 | |
| 开本: | 26cm | |
| 丛书名: | ||
| 单 册: | ||
| 中图分类: | TU43 | |
| 科图分类: | ||
| 主题词: | 土力学--高等教育--教材 , 土力学 | |
| 电子资源: | ||
| ISBN: | 978-7-5024-6266-6 | |
| 000 | 01028nam0 2200253 450 | |
| 001 | 142376 | |
| 005 | 20141221102337.85 | |
| 010 | @a978-7-5024-6266-6@dCNY 29.00 | |
| 100 | @a20130731d2013 em y0chiy50 ea | |
| 101 | 0 | @achi |
| 102 | @aCN@b110000 | |
| 105 | @ay z 000yy | |
| 200 | 1 | @a新编土力学教程@9xin bian tu li xue jiao cheng@b专著@f邵龙潭,郭莹主编 |
| 210 | @a北京@c冶金工业出版社@d2013 | |
| 215 | @a212页@d26cm | |
| 300 | @a普通高等教育“十二五”规划教材 | |
| 330 | @a本书在简要介绍土和土力学学科的特点、土的物理性质和工程分类后,讲述了平衡微分方程的导出,以及如何应用平衡方程求解饱和土渗流、地基应力、沉降和固结等问题;并专门介绍了土的强度理论、土力学试验方法,以及挡土墙和土压力、地基承载力、土坡稳定分析等岩土工程结构分析问题。书中未涉及非饱和土力学和土动力学方面的内容。 | |
| 606 | 0 | @a土力学@x高等教育@j教材 |
| 606 | 0 | @a土力学 |
| 690 | @aTU43@v5 | |
| 701 | 0 | @a郭莹@9guo ying@c(女,@f1963 )@4主编 |
| 701 | 0 | @a邵龙潭@9shao long tan@f(1963 )@4主编 |
| 801 | 0 | @c20141221 |
| 905 | @a241430@dTU43@eS330 | |
| 新编土力学教程/邵龙潭,郭莹主编.-北京:冶金工业出版社,2013 |
| 212页;26cm |
| 普通高等教育“十二五”规划教材 |
| ISBN 978-7-5024-6266-6:CNY 29.00 |
| 本书在简要介绍土和土力学学科的特点、土的物理性质和工程分类后,讲述了平衡微分方程的导出,以及如何应用平衡方程求解饱和土渗流、地基应力、沉降和固结等问题;并专门介绍了土的强度理论、土力学试验方法,以及挡土墙和土压力、地基承载力、土坡稳定分析等岩土工程结构分析问题。书中未涉及非饱和土力学和土动力学方面的内容。 |
| ● |
| 相关链接 |
|
|
|
正题名:新编土力学教程
索取号:TU43/S330
 
预约/预借
| 序号 | 登录号 | 条形码 | 馆藏地/架位号 | 状态 | 备注 |
| 1 | 1134739 | 211347390 | 建筑库101/101建筑库 95排1列3层/ [索取号:TU43/S330] | 在馆 | |
| 2 | 1134740 | 211347407 | 建筑库101/101建筑库 95排1列3层/ [索取号:TU43/S330] | 在馆 | |
| 3 | 1134741 | 211347416 | 建筑库101/101建筑库 95排1列3层/ [索取号:TU43/S330] | 在馆 |